Nové formy videokonferenčnej komunikácie pre plnší zážitok

Saved in:
Bibliographic Details
Main Author: Tibenský, Šimon (Author)
Other Authors: Rozinaj, Gregor (Thesis advisor)
Format: Manuscript Book
Language:Slovak
Published: Bratislava : STU v Bratislave FEI, 2021
Subjects:
Online Access:https://opac.crzp.sk/?fn=detailBiblioForm&sid=52328540584FDC4D968228AB80F2&seo=CRZP-detail-kniha
Tags: Add Tag
No Tags, Be the first to tag this record!

MARC

LEADER 00000ntm a22000003a 4500
001 stuzp82454
003 SK-STU
005 20211130121756.0
007 ta
008 150427s2015----xo-----f-mn---000-0-slo-d
040 |a STU  |b slo 
041 0 |a slo 
044 |a xo 
100 1 |a Tibenský, Šimon  |u 037000  |k Z2  |4 aut  |U FEI Fakulta elektrotechniky a informatiky  |T FEI Ústav multimediálnych informačných a komunikačných technológií  |X 82220  |U E070  |Y 818  |7 82220 
242 0 1 |a New Forms of Videoconferencing for better experience  |y eng 
245 1 0 |a Nové formy videokonferenčnej komunikácie pre plnší zážitok 
260 |a Bratislava :  |b STU v Bratislave FEI,  |c 2021 
300 |a 57 s. 
650 4 |a AR  |2 slo 
650 4 |a VR  |2 slo 
650 4 |a teleport  |2 slo 
650 4 |a video konferenčná komunikácia  |2 slo 
650 4 |a AR  |2 eng 
650 4 |a VR  |2 eng 
650 4 |a video-conferencing communication  |2 eng 
650 4 |a teleport  |2 eng 
700 1 |a Rozinaj, Gregor  |u 037000  |k Z1  |4 ths  |U FEI Fakulta elektrotechniky a informatiky  |T FEI Ústav multimediálnych informačných a komunikačných technológií  |X 1945  |U E070  |Y 818  |7 A000001945 
856 4 |u https://opac.crzp.sk/?fn=detailBiblioForm&sid=52328540584FDC4D968228AB80F2&seo=CRZP-detail-kniha